| Tag |
First Indicator |
Second Indicator |
Subfields |
| LEADER |
00000cam a2200000 4500 |
| 001 |
in00000041124 |
| 005 |
20151007070639.0 |
| 008 |
790919s1933 mau 00010 eng |
| 010 |
|
|
|a 33011826
|
| 035 |
|
|
|a (OCoLC)05387015
|
| 035 |
|
|
|9 AAE4422AM
|
| 040 |
|
|
|a DLC
|c COO
|d OCL
|d TXA
|d UtOrBLW
|
| 049 |
|
|
|a TXAM
|c [148861]
|
| 050 |
0 |
0 |
|a QK73.C55
|b A42
|
| 092 |
|
|
|a 580.74
|b H339
|
| 110 |
2 |
|
|a Arnold Arboretum.
|b Atkins Institution, Soledad, Cuba.
|
| 245 |
1 |
0 |
|a List of plants growing in the botanical garden of the Atkins institution of the Arnold arboretum at Soledad, Cienfuegos, Cuba /
|c by Robert M. Grey and F. Tracy Hubbard.
|
| 264 |
|
1 |
|a Cambridge :
|b Harvard university press,
|c 1933.
|
| 300 |
|
|
|a vi, 245 pages ;
|c 27 cm.
|
| 336 |
|
|
|a text
|b txt
|2 rdacontent
|
| 337 |
|
|
|a unmediated
|b n
|2 rdamedia
|
| 338 |
|
|
|a volume
|b nc
|2 rdacarrier
|
| 650 |
|
0 |
|a Botany
|z Cuba.
|
| 700 |
1 |
|
|a Grey, Robert Melrose.
|
| 700 |
1 |
|
|a Hubbard, Frederic Tracy,
|d 1875-
|
| 999 |
|
|
|a MARS
|
| 999 |
f |
f |
|s fad4db25-e3c8-3832-801f-2bb4cef6e235
|i b111e307-370e-3476-8b2a-22492069e32b
|t 0
|
| 952 |
f |
f |
|p ric
|a Texas A&M University
|b Rellis Campus
|c Joint Library Facility
|d Remote Storage
|t 0
|e QK73.C55 A42
|h Library of Congress classification
|i unmediated -- volume
|m A14800985354
|
| 998 |
f |
f |
|a QK73.C55 A42
|t 0
|l Remote Storage
|